| 000 | 00559nam a22001817a 4500 | ||
|---|---|---|---|
| 003 | LK-CoMWRAF | ||
| 005 | 20240315125609.0 | ||
| 008 | 240309b |||||||| |||| 00| 0 eng d | ||
| 040 |
_aLK-CoMWRAF _dLK-CoMWRAF _eLK-CoMWRAF |
||
| 041 | _aeng | ||
| 082 |
_a305.23 _bUNI |
||
| 110 | _aUnited Nations | ||
| 245 |
_aFirst call for children- world declaration and plan of action from the world summit for children: _bconvention on the rights of the child |
||
| 260 |
_aNew York: _bUNICEF, _c[1990] |
||
| 300 | _a75 p. | ||
| 650 | _aCHILDREN'S RIGHTS | ||
| 942 | _cBK | ||
| 999 |
_c4852 _d4852 |
||